Vplyv štýlu vedenia na motiváciu a spokojnosť zamestnancov diplomová práca

Na minha lista:
Detalhes bibliográficos
Autor principal: Vattaiová, Dominika
Autor Corporativo: Podnikovohospodárska fakulta EU so sídlom v Košiciach. Katedra manažmentu
Outros Autores: Bosáková, Mária
Formato: Livro
Idioma:eslovaco
Publicado em: Košice 2009
Tags: Adicionar Tag
Sem tags, seja o primeiro a adicionar uma tag!

MARC

LEADER 00000nam$a2200000$$$4500
001 0098990
005 20240318131211.2
041 0 |a slo 
044 |a SK 
245 1 0 |a Vplyv štýlu vedenia na motiváciu a spokojnosť zamestnancov  |b diplomová práca  |c Dominika Vattaiová ; škol. Mária Bosáková 
264 1 |a Košice  |c 2009 
300 |a 71 s. 
100 1 |a Vattaiová, Dominika 
700 1 |a Bosáková, Mária 
710 2 |a Podnikovohospodárska fakulta EU so sídlom v Košiciach. Katedra manažmentu